000 00801cab a2200205 4500
001 L129791
008 050519n2005 000 0 eng u
035 _a(Sirsi) u129791
041 _aeng
245 _aRegisters update
_bupdate 10.5
260 _c2005
490 _aProperty Law
_v(73) December 2004, 5-7(3)
520 _aProvides an update on the abolition feudal tenure including information on servitudes, dual registration, fees and the approach to the transitional period.
590 _aSCOTLAND
650 _aFEES IN THE REGISTERS OF SCOTLAND AMENDMENT ORDER 2004
650 _aABOLITION OF FEUDAL TENURE ETC (SCOTLAND) ACT 2000
650 _aTITLE CONDITIONS (SCOTLAND) ACT 2003
690 _aPROPERTY-LEASEHOLD PROPERTY-LANDLORD AND TENANT-LANDLORD AND TENANT REFORM
942 _n0
999 _c75277
_d75277